Antichi abitati e necropoli del gargano /

Guardado en:
Autor Principal: Battaglia, Raffaello
Formato: Libro
Materias:
Etiquetas: Agregar Etiqueta
Sin Etiquetas, Sea el primero en etiquetar este registro!
LEADER 00445nam a22001455a 4500
001 EHU.bham003621
003 AR-BHAM
005 20070528174138.0
008 130507b######################000#0#####d
082 3 9 |a 393.1 
100 1 |a Battaglia, Raffaello 
245 1 0 |a Antichi abitati e necropoli del gargano /  |c Raffaello Battaglia. 
300 |a 26 p. 
653 |a Costumbres funerarias-entierros 
859 |a AR-BHAM  |b BIB. HUMANIDADES - General  |h 393.1  |i B321  |p 99921.59  |t Ej.1